Sơ lược lịch sử dòng họ Trần ở Mỹ Phước - Long Xuyên - An Giang từ khi lập nghiệp đến nay ( 1861 - 1989 ) Luận văn tốt nghiệp Đại học Sư phạm ngành Sử Khóa 13
محفوظ في:
| المؤلف الرئيسي: | |
|---|---|
| التنسيق: | كتاب |
| اللغة: | Undetermined |
| منشور في: |
Cần Thơ
Trường Đại học Cần Thơ, Khoa Sư phạm, Bộ môn Sử
1991
|
| الموضوعات: | |
| الوسوم: |
إضافة وسم
لا توجد وسوم, كن أول من يضع وسما على هذه التسجيلة!
|
| Thư viện lưu trữ: | Trung tâm Học liệu Trường Đại học Cần Thơ |
|---|
| LEADER | 00811nam a2200193Ia 4500 | ||
|---|---|---|---|
| 001 | CTU_26925 | ||
| 008 | 210402s9999 xx 000 0 und d | ||
| 082 | |a 920 | ||
| 082 | |b Th108/1991 | ||
| 100 | |a Phan Thị Thu Thảo | ||
| 245 | 0 | |a Sơ lược lịch sử dòng họ Trần ở Mỹ Phước - Long Xuyên - An Giang từ khi lập nghiệp đến nay ( 1861 - 1989 ) | |
| 245 | 0 | |b Luận văn tốt nghiệp Đại học Sư phạm ngành Sử Khóa 13 | |
| 245 | 0 | |c Phan Thị Thu Thảo | |
| 260 | |a Cần Thơ | ||
| 260 | |b Trường Đại học Cần Thơ, Khoa Sư phạm, Bộ môn Sử | ||
| 260 | |c 1991 | ||
| 650 | |a names, personal | ||
| 904 | |i Nguyễn Quang Điền, 981022 | ||
| 980 | |a Trung tâm Học liệu Trường Đại học Cần Thơ | ||